All Hogwarts Students Mentioned!!? Quiz Stats

 Plays Quiz not verified by Sporcle

Challenge
Share
Tweet
Embed
Score 0/82 Timer 15:00
0 Plays Today
Surname begins with: Name % Correct
WRon Weasley
90.3%
AHannah Abbott
89.7%
PHarry James Potter
89.7%
WFred Weasley
88.8%
WGeorge Weasley
88.8%
WGinny Weasley
88.5%
WPercy Weasley
86.4%
GHermione Granger
81.9%
MDraco Malfoy
81.6%
CVincent Crabbe
81%
GGregory Goyle
81%
TDean Thomas
80.4%
CCho Chang
79.5%
LNeville Longbottom
79.2%
PPadma Patil
78.5%
PParvati Patil
77.9%
FSeamus Finnigan
77.3%
LLuna Lovegood
76.4%
BKatie Bell
76.1%
BLavender Brown
76.1%
PPansy Parkinson
74%
ZBlaise Zabini
73.4%
CColin Creevey
73.1%
WOliver Wood
72.2%
CDennis Creevey
71.3%
BSusan Bones
71%
JAngelina Johnson
71%
DCedric Diggory
68.9%
Surname begins with: Name % Correct
FJustin Finch-Fletchley
67.7%
BMillicent Bulstrode
65.3%
MErnie Macmillan
64.7%
FMarcus Flint
63.1%
JLee Jordan
63.1%
SAlicia Spinnet
61.9%
CMichael Corner
59.2%
SZacharias Smith
58.6%
BTerry Boot
58.3%
EMarietta Edgecombe
54.4%
VRomilda Vane
52.9%
CPenelope Clearwater
48.6%
AEuan Abercrombie
44.7%
NTheodore Nott
44.7%
DRoger Davies
44.4%
GAnthony Goldstein
44.4%
MCormac Mclaggen
42.9%
GDaphne Greengrass
40.8%
MGraham Montague
39.3%
PJimmy Peakes
35.6%
RDemelza Robins
33.8%
WC. Warrington
32%
PAdrian Pucey
29.9%
ZRose Zeller
28.4%
BMandy Brocklehurst
26.6%
KAndrew Kirke
26.6%
SJack Sloper
26%
LLeanne
25.4%
Surname begins with: Name % Correct
AStewart Ackerley
25.1%
TLisa Turpin
24.8%
PSally-Anne Perks
24.5%
MNatalie McDonald
21.8%
BMiles Bletchley
21.1%
BMalcolm Baddock
20.8%
MMorag MacDougal
20.5%
BLucian Bole
20.5%
HTerence Higgs
17.8%
MEloise Midgen
17.2%
WKevin Whitby
16%
QOrla Quirke
15.7%
FS. Fawcett
15.4%
BEleanor Branstone
15.1%
DPeregrine Derrick
14.8%
FVicky Frobisher
13.9%
SSummers
13.9%
HGeoffrey Hooper
13%
CEddie Carmichael
13%
COwen Cauldwell
12.7%
MLaura Madley
12.7%
SSummerby
12.4%
PGraham Pritchard
11.2%
BBradley
10.9%
TKenneth Towler
10%
SStebbins
8.2%

You're not logged in!

Compare scores with friends on all Sporcle quizzes.
OR
Log In

You Might Also Like...

Show Comments

Extras

Top Quizzes Today


Score Distribution

Your Account Isn't Verified!

In order to create a playlist on Sporcle, you need to verify the email address you used during registration. Go to your Sporcle Settings to finish the process.

Report this User

Report this user for behavior that violates our Community Guidelines.

Details: